Basic Statistics/ (Record no. 4214)

000 -LEADER
fixed length control field 00402nam a22001691a 4500
020 ## - INTERNATIONAL STANDARD BOOK NUMBER
ISBN 9780195615548
082 ## - DEWEY DECIMAL CLASSIFICATION NUMBER
Classification number 519.5
Item number NAG/B
100 ## - MAIN ENTRY--AUTHOR NAME
Personal name Nagar A L
100 ## - MAIN ENTRY--AUTHOR NAME
Personal name Das R K
245 ## - TITLE STATEMENT
Title Basic Statistics/
Statement of responsibility, etc by Nagar A L and Das R K
260 ## - PUBLICATION, DISTRIBUTION, ETC. (IMPRINT)
Place of publication New Delhi:
Name of publisher Oxford University Press,
Year of publication 2000.
300 ## - PHYSICAL DESCRIPTION
Number of Pages 424p.
650 ## - SUBJECT ADDED ENTRY--TOPICAL TERM
Topical Term Statistics
650 ## - SUBJECT ADDED ENTRY--TOPICAL TERM
Topical Term Mathematics
650 ## - SUBJECT ADDED ENTRY--TOPICAL TERM
Topical Term Science
942 ## - ADDED ENTRY ELEMENTS (KOHA)
Koha item type Book
Holdings
Withdrawn status Lost status Damaged status Not for loan Permanent Location Current Location Date acquired Cost, normal purchase price Full call number Accession Number Cost, replacement price Price effective from Koha item type Shelving location
        Sree Sankaracharya University of Sanskrit Sree Sankaracharya University of Sanskrit 08.01.2015 175.00 519.5 NAG/B 039401 0.00 08.01.2015 Book  
        Sree Sankaracharya University of Sanskrit Sree Sankaracharya University of Sanskrit 21.07.2018 175.00 519.5 NAG/B 091256   21.07.2018 Book Stacks